000 00239nam a2200097Ia 4500
005 20250424112911.0
008 250424s9999 xx 000 0 und d
300 _ax, 323 p. :ill. ; 30 cm.
650 _aOrganizational sociology.
942 _cSR
999 _c37779
_d37779